Normal view
MARC view
- Composite materials
Entry Topical Term
001 - CONTROL NUMBER
- control field: 40894
003 - CONTROL NUMBER IDENTIFIER
- control field: NUST
005 - DATE AND TIME OF LATEST TRANSACTION
- control field: 20210314131918.0
008 - FIXED-LENGTH DATA ELEMENTS
- fixed length control field: 210314|| aca||aabn | a|a d
040 ## - CATALOGING SOURCE
- Original cataloging agency: NUST
- Transcribing agency: NUST
150 ## - HEADING--TOPICAL TERM
- Topical term or geographic name entry element: Composite materials
- General subdivision: Congresses
670 ## - SOURCE DATA FOUND
- Source citation: Work cat.: (NUST): ASTM, 40893, Composite materials, quality assurance, and processing :, c1983.
